00634nam a2200193 a 450000100060000000300080000600500170001400800410003103500190007204000270009104100080011808200260012611000400015224500940019226000520028630000210033865000340035965000470039346508BD-RjUL20250424100506.0160802s1962 pk 000 0 eng d a(BD-RjUL)46627 aDLCcCUYdBD-RjULbeng aeng 223bPAR 1962a342.5491 aPakistan.bConstitution Commission.10aReport of the Constitution Commission, Pakistan, 1961 /cPakistan Constitution Commission aKarachi :bManager of Publications,c1961, 1962 a178 p. ;c25 cm. 0aConstitutional lawzPakistan. 0aConstitutional history zPakistanvSources